|
|
|
|
| LEADER |
01348nam a2200289 u 4500 |
| 001 |
10082659 |
| 003 |
upatras |
| 005 |
20210117202346.0 |
| 008 |
091216s2006 f eng |
| 020 |
|
|
|a 960710176X
|
| 040 |
|
|
|a GR-PaULI
|c GR-PaULI
|
| 041 |
0 |
|
|a eng
|a gre
|
| 082 |
1 |
4 |
|a 759.9495
|2 22
|
| 245 |
1 |
0 |
|a Βάσω Κυριάκη
|b Vasso Kyriaki
|b retrospective
|c [κείμενο] Νέλλη Κυριαζή
|
| 246 |
1 |
1 |
|a Vasso Kyriaki
|b retrospective
|
| 260 |
|
|
|a Αθήνα
|b Πινακοθήκη Δήμου Αθηναίων
|c 2006
|
| 300 |
|
|
|a 101 σ.
|b εικ. έγχρ.
|c 25 εκ.
|
| 500 |
|
|
|a Έκθεση: Αθήνα, Πινακοθήκη Δήμου, 25 Ιαν.-13 Μαρτίου 2006
|
| 600 |
1 |
4 |
|a Κυριάκη- Βάσω
|d 1937-
|x Εκθέσεις
|9 84153
|
| 610 |
2 |
4 |
|a Δήμος Αθηναίων
|e Πινακοθήκη
|x Εκθέσεις
|9 84154
|
| 650 |
|
4 |
|a Καλλιτέχνες, Έλληνες
|x Εκθέσεις
|y 20ός αιώνας
|9 33969
|
| 700 |
1 |
|
|a Κυριαζή, Νέλλη
|9 41033
|
| 852 |
|
|
|a GR-PaULI
|b ΠΑΤΡΑ
|b ΦΙΛΟΛΟΓΙΑ
|k ΔΑΝΕΙΖ-6
|h 759.9495 ΒΑΣ
|m 008869
|p 025000165882
|t 1
|x 33
|
| 942 |
|
|
|2 ddc
|
| 952 |
|
|
|0 0
|1 0
|4 0
|6 759_949500000000000_ΒΑΣ
|7 0
|9 87587
|a LTRT
|b LTRT
|d 2016-04-24
|i 008869
|l 0
|o 759.9495 ΒΑΣ
|p 025000165882
|r 2016-04-24 00:00:00
|t 1
|w 2016-04-24
|
| 998 |
|
|
|c ELIDOC
|d 2009-12
|
| 999 |
|
|
|c 58436
|d 58436
|